Mini book of the week : (Record no. 106228)
[ view plain ]
| 000 -LEADER | |
|---|---|
| fixed length control field | 00498nam a2200145 a 4500 |
| 005 - DATE AND TIME OF LATEST TRANSACTION | |
| control field | 20140412111426.0 |
| 008 - FIXED-LENGTH DATA ELEMENTS--GENERAL INFORMATION | |
| fixed length control field | 090626s19uu xx 00 eng d |
| 020 ## - INTERNATIONAL STANDARD BOOK NUMBER | |
| International Standard Book Number | 0-439-15587-8 |
| 050 ## - LIBRARY OF CONGRESS CALL NUMBER | |
| Classification number | TR(GS 372.41 |
| Item number | F62 2005 |
| 100 ## - MAIN ENTRY--PERSONAL NAME | |
| Personal name | Fleming, Maria |
| 245 ## - TITLE STATEMENT | |
| Title | Mini book of the week : |
| Remainder of title | 40 easy to read mini books on fiction and non fiction topics for every week of the school year / |
| Statement of responsibility, etc | Maria Fleming. |
| 260 ## - PUBLICATION, DISTRIBUTION, ETC. (IMPRINT) | |
| Place of publication, distribution, etc | 0-439-05921-6 : |
| Name of publisher, distributor, etc | Scholastic, |
| Date of publication, distribution, etc | 2005. |
| 500 ## - GENERAL NOTE | |
| General note | Grades K - 2 |
| Withdrawn status | Lost status | Damaged status | Use restrictions | Home library | Current library | Shelving location | Date acquired | Source of acquisition | Cost, normal purchase price | Total Checkouts | Full call number | Barcode | Date last seen | Price effective from | Koha item type |
|---|---|---|---|---|---|---|---|---|---|---|---|---|---|---|---|
| Elizalde Library | Elizalde Library | Teachers Reference Section | 06/26/2009 | 295.00 | TR(GS 372.41 F62 2005 | E11461 | 04/12/2014 | 04/12/2014 | Books |